[Event "Stay Safe Play From Home 293"]
[Site "Emanuel Lasker Arena"]
[Date "2020.07.10"]
[Round "4"]
[White "Mepe_Nika"]
[Black "Lamborghini"]
[Result "0-1"]
[WhiteElo "2374"]
[BlackElo "2175"]
[Annotator "TA"]
[PlyCount "146"]
[EventDate "2020.07.10"]
[EventType "swiss (blitz)"]

{[%evp 14,145,27,6,33,-3,41,-25,25,-7,27,-70,50,-123,52,52,68,-4,0,-53,-4,-352,-250,-362,-370,-372,-316,-319,-302,-320,-170,-184,-173,-159,-165,-288,-212,-263,-211,-243,-140,-151,-159,-193,-104,-98,-107,-167,-158,-180,-166,-173,-164,-173,-152,-533,-173,-189,49,-214,-129,-1601,-152,-223,-12,-171,-45,-217,-198,-336,0,0,0,0,4,0,39,0,8,8,165,0,0,-945,-929,-1289,-860,-2582,-1204,-1070,-128,-29965,-29967,-29965,-29966,-5935,-5895,-5306,-4861,-29975,-29977,-29976,-29976,-29978,-29977,-29977,-29978,-29977,-8,-29981,-29982,-29982,-29983,-29985,-29986,-29986,-29987,-29987,-29986,-29988,-29989,-29990,-29990,-29991,-29992,-29992,-29991,-29992,-29993,-29996,-29995,-29995,-29996,-29999]} 1. d4 g6 2. e4 Bg7 3. Nf3 d6 4. Bd3 Nf6 5. O-O O-O 6. c3 Nc6 7. Nbd2 e5 8. h3 a6 {[#] B07: Pirc Defence: Miscellaneous Systems.} 9. a4 $146 ({Predecessor:} 9. Re1 Bd7 10. Nb3 Re8 11. Bd2 a5 12. a4 b6 13. Qc2 Qe7 14. d5 Nb8 15. Be3 Qf8 16. Nbd2 Bh6 17. Bxh6 Qxh6 {½-½ (56) Grachev,B (2639)-Chigaev,M (2542) Kolomna 2016}) 9... b6 10. Nc4 (10. d5 $14 Ne7 11. Re1) 10... Bb7 {Black has an edge.} 11. Bg5 {[%cal Rd4e5]} h6 12. Be3 (12. Bxf6 $11 Bxf6 13. d5) 12... Qe7 (12... exd4 $15 13. cxd4 Nb4) 13. Qd2 $2 (13. d5 $14) 13... Kh7 $2 (13... exd4 $17 14. Bxh6 dxc3 15. bxc3 Nxe4 16. Bxe4 Qxe4 17. Bxg7 Kxg7) 14. d5 $14 Nb8 {[%cal Bc6b8,Bb8d7,Bd7c5,Bc5e4][%mdl 32]} 15. Na3 (15. Bc2 $14) 15... Nbd7 $11 16. Nc2 (16. Rad1 $11) 16... Nc5 17. b4 $2 {[%mdl 8192]} (17. Bxc5 $1 $11 bxc5 18. Ne3) 17... Ncxe4 18. Bxe4 (18. Qe1 $142 Nxc3 {[%mdl 64] Clearance} 19. Qxc3) 18... Nxe4 $19 19. Qd3 f5 20. c4 Nf6 21. Bd2 e4 (21... Qf7 $142 {White must now prevent ...e4.} 22. Qc3 b5 $1 {[%mdl 512]} 23. axb5 axb5 24. cxb5 Ne4) 22. Qe2 Rae8 23. Nfd4 Bc8 24. Bc3 (24. Ra3 $142) 24... Bd7 25. Rae1 Qf7 26. a5 Re7 (26... bxa5 $19 27. bxa5 Nh5) 27. axb6 $17 cxb6 28. Ra1 Bc8 (28... f4 $19 {...f3! is the strong threat.} 29. Rfe1 (29. Rxa6 $2 f3 $17) 29... Nh5) 29. Nc6 Rc7 30. b5 (30. Bxf6 $17 Qxf6 31. N2d4) 30... axb5 $19 31. cxb5 Nxd5 32. Bxg7 Qxg7 33. Qd2 Nc3 34. Qxd6 $2 (34. N2d4 $17 Nxb5 {[%mdl 64] Remove Defender, Deflection} 35. Nxb5 Rxc6 36. Ra7) 34... Bb7 $2 (34... Nxb5 35. Qd5 Nc3) 35. N2d4 {[#]} Bxc6 $2 (35... Nxb5 $1 $19 {[%mdl 512]} 36. Nxb5 Rxc6) 36. Nxc6 $2 {[%mdl 8192]} (36. Ne6 $14 {keeps the upper hand.} Nxb5 37. Qxf8) 36... Rd7 37. Qf4 $2 {[%mdl 8192]} (37. Qb4 $17) 37... Re8 $2 (37... Ne2+ $19 38. Kh2 Nxf4) 38. Kh1 (38. Qe3 $17) 38... g5 $2 (38... Nxb5 $19 {Hoping for ...Rc7.} 39. Qe3 Re6) 39. Qc1 $2 (39. Qxf5+ $11 {and White is okay.} Kh8 40. Qg4) 39... Ne2 (39... f4 $19 {And now ...Qf6 would win.} 40. Ra3 Nxb5) 40. Qc4 $2 {[#]} ({Better is} 40. Qe3 $15 Nc3 41. Qxb6) 40... Nf4 $1 41. Ra6 (41. Nb4 $142) 41... Qf7 $2 (41... g4 $19 42. g3 gxh3) 42. Qxf7+ $11 Rxf7 43. Rxb6 Nd3 44. Nd4 f4 (44... Rd8 $5 {[%cal Rd8d4]} 45. Nc6 Rd5 $11) 45. Rc6 e3 46. fxe3 Rxe3 $2 {[#]} (46... Rd7 $1 $11 {and Black has nothing to worry.}) 47. Nf3 $2 (47. b6 $1 $18) 47... Ne5 48. b6 $2 {[%mdl 8192] Black continues to play with concentration.} (48. Nxe5 $11 Rxe5 49. Rb1) 48... Nxc6 $19 49. b7 Nb8 50. Ne5 Rxb7 51. Nc4 Rb2 $2 (51... Re2 $19 {is more deadly.} 52. Rg1 Rb4) 52. Nxe3 $4 {[%mdl 8192]} (52. Nxb2 $17 Nc6 53. Kg1) 52... fxe3 $17 {[%mdl 4096] Endgame KRN-KR} 53. Re1 e2 54. Kg1 Rd2 55. Kf2 Nc6 56. Rxe2 Rxe2+ 57. Kxe2 $19 {KN-KPP} Ne5 58. Kf2 Ng6 59. Kg1 h5 60. Kh2 g4 $2 (60... Ne5 {mates} 61. Kg3 Kg6 62. Kf2 Kf5 63. Ke3 h4 64. Ke2 Kf4 65. Kf2 Nc4 66. Ke2 Kg3 67. Kd3 Kxg2 68. Kd4 Kxh3 69. Ke4 g4 70. Kf5 g3 71. Ke6 Kg4 72. Kf6 g2 73. Ke6 g1=Q 74. Kd5 h3 75. Ke6 Qb6+ 76. Ke7 h2 77. Kf8 h1=Q 78. Kg8 Qe6+ 79. Kg7 Qhh6#) 61. g3 $2 {[%mdl 8192]} (61. hxg4 $11 hxg4 62. Kg3) 61... gxh3 {Black mates.} 62. Kxh3 {KN-KP} Kh6 63. g4 h4 64. g5+ Kxg5 65. Kg2 Nf4+ 66. Kh2 Kg4 67. Kh1 h3 68. Kg1 Kg3 69. Kh1 Nh5 70. Kg1 Nf6 71. Kh1 Ng4 72. Kg1 h2+ 73. Kh1 Nf2# {Accuracy: White = 24%, Black = 33%.} 0-1

[Event "Stay Safe Play From Home 293"]
[Site "Emanuel Lasker Arena"]
[Date "2020.07.10"]
[Round "4"]
[White "AChessPlayer"]
[Black "Lazieri3"]
[Result "1-0"]
[WhiteElo "2370"]
[BlackElo "2077"]
[Annotator "TA"]
[PlyCount "91"]
[EventDate "2020.07.10"]
[EventType "swiss (blitz)"]

{[%evp 9,91,29,27,22,31,-2,-11,0,0,-16,0,-33,-25,-91,-66,-89,-41,-38,-17,-182,-8,-18,0,0,0,0,4,9,23,8,55,43,56,0,125,125,125,127,139,69,55,69,110,118,152,150,201,177,291,285,544,331,364,330,642,637,863,831,778,733,29975,29976,29976,29977,29977,29978,29978,29979,29978,29980,29980,29981,29981,29982,29983,29984,29985,29986,29989,29990,29991,29992,29994,29993]} 1. e4 c6 2. Nf3 d5 3. Nc3 dxe4 4. Nxe4 Nd7 5. Qe2 Ndf6 6. Nxf6+ {B11: Caro-Kann: Two Knights Variation.} Nxf6 {[#]} 7. b3 $146 ({Predecessor:} 7. g3 Bg4 8. Bg2 e6 9. O-O Be7 10. d3 O-O 11. h3 Bh5 12. Bd2 {0-1 (59) Hadzovic,A (2189)-Konjicanin,M (2236) Sarajevo 2012}) 7... Bf5 8. Bb2 {The position is equal.} e6 9. O-O-O Qa5 10. Kb1 Ba3 11. Nd4 (11. Bc3 $11 Qc5 12. Qc4) 11... Bxb2 12. Kxb2 O-O-O 13. Nxf5 Qxf5 14. g3 $2 (14. d3 $11) 14... Qd5 $2 (14... Ne4 $19 {Strongly threatening ...Rxd2!} 15. f4 Qf6+ 16. Ka3 Qd4) 15. f3 $11 Qd4+ 16. c3 Qb6 17. f4 a5 18. d4 a4 19. Bg2 axb3 20. axb3 Kd7 21. f5 ({White should play} 21. Ra1 $14) 21... Ra8 (21... exf5 $11 {keeps the balance.} 22. Qe5 Rhe8 23. Qxf5+ Ke7) 22. fxe6+ $16 fxe6 23. Rhe1 Rhe8 {[#]} 24. Ra1 (24. Bh3 $1 $16) 24... Rxa1 $14 25. Rxa1 Ke7 {White stays focused until the end.} 26. Bh3 $36 {[%mdl 2048] Keeping Black busy.} Kf7 {[#]} 27. Re1 $1 {[%cal Rh3e6]} c5 (27... e5 $16 {might work better.}) 28. dxc5 $18 Qc6 (28... Qxc5 $142 29. Bxe6+ Kf8) 29. b4 Nd5 $2 (29... b6 {was called for.} 30. Bg2 Qc7) 30. Qf3+ Kg8 {Now ...Nxb4 and Black clings on.} 31. Bg2 Qa4 $2 {[#]} (31... Qc7 32. Qd3 Nf6) 32. Rxe6 $1 {[%mdl 576] Remove Defender} Rxe6 33. Qxd5 {[%mdl 4160] Endgame Double Attack. KQR-KQB} Qc6 34. c4 Qxd5 35. Bxd5 {KR-KB. White mates.} Kf7 36. b5 Ke7 37. Bxe6 Kxe6 {KP-KP} 38. c6 bxc6 39. b6 Kd7 40. c5 Kc8 41. Kc3 Kb7 42. Kd4 Ka6 43. Ke5 Kb5 44. b7 Kxc5 45. b8=Q g5 46. Qd6+ {Accuracy: White = 69%, Black = 49%.} 1-0

[Event "Stay Safe Play From Home 293"]
[Site "Emanuel Lasker Arena"]
[Date "2020.07.10"]
[Round "4"]
[White "Muralikrishna"]
[Black "Don59as"]
[Result "0-1"]
[WhiteElo "1779"]
[BlackElo "2153"]
[Annotator "NA"]
[PlyCount "104"]
[EventDate "2020.07.10"]
[EventType "swiss (blitz)"]

1. e4 {[%emt 0:00:01]} e5 {[%emt 0:00:01]} 2. d4 {[%emt 0:00:00]} exd4 {[%emt 0:00:01]} 3. c3 {[%emt 0:00:00]} d3 {[%emt 0:00:00]} 4. Bxd3 {[%emt 0:00:02]} Nc6 {[%emt 0:00:01]} 5. Bc4 {[%emt 0:00:01]} d6 {[%emt 0:00:00]} 6. Nf3 {[%emt 0:00:01]} Be7 {[%emt 0:00:01]} 7. Qb3 {[%emt 0:00:02]} Na5 {[%emt 0:00:05]} 8. Bxf7+ {[%emt 0:00:01]} Kf8 {[%emt 0:00:00]} 9. Qa4 {[%emt 0:00:01]} c5 {[%emt 0:00:04]} 10. Bd5 {[%emt 0:00:07]} Bd7 {[%emt 0:00:01]} 11. Qd1 {[%emt 0:00:02]} Nf6 {[%emt 0:00:01]} 12. O-O {[%emt 0:00:01]} Nxd5 {[%emt 0:00:01]} 13. exd5 {[%emt 0:00:01]} Bf6 {[%emt 0:00:01]} 14. Na3 {[%emt 0:00:02]} h6 {[%emt 0:00:01]} 15. Nc2 {[%emt 0:00:01]} Kg8 {[%emt 0:00:01]} 16. Ne3 {[%emt 0:00:01]} Qe8 {[%emt 0:00:03]} 17. Re1 {[%emt 0:00:01]} Qg6 {[%emt 0:00:01]} 18. Nf1 {[%emt 0:00:04]} b6 {[%emt 0:00:02]} 19. Ng3 {[%emt 0:00:04]} Kh7 {[%emt 0:00:01]} 20. Be3 {[%emt 0:00:02]} Rhe8 {[%emt 0:00:01]} 21. Qb1 {[%emt 0:00:02]} Nc4 {[%emt 0:00:03]} 22. Qxg6+ {[%emt 0:00:02]} Kxg6 {[%emt 0:00:00]} 23. Bc1 {[%emt 0:00:01]} Bg4 {[%emt 0:00:03]} 24. Rxe8 {[%emt 0:00:08]} Rxe8 {[%emt 0:00:02]} 25. h3 {[%emt 0:00:01]} Bxf3 {[%emt 0:00:01]} 26. gxf3 {[%emt 0:00:01]} Re1+ {[%emt 0:00:01]} 27. Kg2 {[%emt 0:00:00]} h5 {[%emt 0:00:05]} 28. h4 {[%emt 0:00:02]} Bxh4 {[%emt 0:00:02]} 29. f4 {[%emt 0:00:01]} Bxg3 {[%emt 0:00:01]} 30. fxg3 {[%emt 0:00:00]} Nd2 {[%emt 0:00:03]} 31. Kf2 {[%emt 0:00:00]} Rh1 {[%emt 0:00:01]} 32. Kg2 {[%emt 0:00:01]} Rd1 {[%emt 0:00:01]} 33. Kf2 {[%emt 0:00:00]} Nc4 {[%emt 0:00:01]} 34. Ke2 {[%emt 0:00:00]} Rxd5 {[%emt 0:00:01]} 35. b3 {[%emt 0:00:01]} Na5 {[%emt 0:00:02]} 36. Kf3 {[%emt 0:00:00]} Rd3+ {[%emt 0:00:01]} 37. Ke2 {[%emt 0:00:01]} Rxc3 {[%emt 0:00:00]} 38. Kd2 {[%emt 0:00:01]} Rxg3 {[%emt 0:00:00]} 39. Bb2 {[%emt 0:00:00]} Rg2+ {[%emt 0:00:00]} 40. Ke3 {[%emt 0:00:00]} Rxb2 {[%emt 0:00:01]} 41. Rd1 {[%emt 0:00:00]} Rxa2 {[%emt 0:00:01]} 42. Rxd6+ {[%emt 0:00:00]} Kh7 {[%emt 0:00:00]} 43. Ke4 {[%emt 0:00:00]} Nxb3 {[%emt 0:00:01]} 44. Kd5 {[%emt 0:00:00]} c4 {[%emt 0:00:00]} 45. Kc6 {[%emt 0:00:00]} Nc5 {[%emt 0:00:00]} 46. Rd1 {[%emt 0:00:01]} c3 {[%emt 0:00:00]} 47. Rc1 {[%emt 0:00:00]} c2 {[%emt 0:00:00]} 48. Kd5 {[%emt 0:00:01]} Nd3 {[%emt 0:00:00]} 49. Kc4 {[%emt 0:00:00]} Nxc1 {[%emt 0:00:01]} 50. Kc3 {[%emt 0:00:01]} Ne2+ {[%emt 0:00:00]} 51. Kb3 {[%emt 0:00:01]} c1=Q {[%emt 0:00:00]} 52. Kxa2 {[%emt 0:00:00]} Qc2+ {[%emt 0:00:01] Time (Lag: Av=0.92s, max=2.6s)} 0-1

[Event "Stay Safe Play From Home 293"]
[Site "Emanuel Lasker Arena"]
[Date "2020.07.10"]
[Round "4"]
[White "Justwatch"]
[Black "Klasman"]
[Result "0-1"]
[WhiteElo "1672"]
[BlackElo "1350"]
[Annotator "NA RC"]
[PlyCount "64"]
[EventDate "2020.07.10"]
[EventType "swiss (blitz)"]

1. e4 {[%emt 0:00:01]} f5 {[%emt 0:00:01]} 2. e5 {[%emt 0:00:00]} d6 {[%emt 0:00:01]} 3. Nc3 {[%emt 0:00:00]} dxe5 {[%emt 0:00:01]} 4. Nf3 {[%emt 0:00:00]} e4 {[%emt 0:00:01]} 5. Bb5+ {[%emt 0:00:00]} c6 {[%emt 0:00:01]} 6. Nd4 {[%emt 0:00:01]} cxb5 {[%emt 0:00:01]} 7. Ndxb5 {[%emt 0:00:00]} Nc6 {[%emt 0:00:02]} 8. O-O {[%emt 0:00:01]} Nf6 {[%emt 0:00:01]} 9. Na3 {[%emt 0:00:03]} e5 {[%emt 0:00:03]} 10. d3 {[%emt 0:00:00]} Bxa3 {[%emt 0:00:01]} 11. bxa3 {[%emt 0:00:01]} exd3 {[%emt 0:00:02]} 12. cxd3 {[%emt 0:00:00]} O-O {[%emt 0:00:02]} 13. Bg5 {[%emt 0:00:01]} Be6 {[%emt 0:00:02]} 14. Ne2 {[%emt 0:00:02]} Nd4 {[%emt 0:00:02]} 15. Nxd4 {[%emt 0:00:01]} Qxd4 {[%emt 0:00:01]} 16. Re1 {[%emt 0:00:00]} Rad8 {[%emt 0:00:02]} 17. Re3 {[%emt 0:00:02]} e4 {[%emt 0:00:02]} 18. Bxf6 {[%emt 0:00:06]} Rxf6 {[%emt 0:00:03]} 19. Rh3 {[%emt 0:00:03]} exd3 {[%emt 0:00:02]} 20. Qh5 {[%emt 0:00:01]} h6 {[%emt 0:00:02]} 21. Re1 {[%emt 0:00:03]} d2 {[%emt 0:00:01]} 22. Rd1 {[%emt 0:00:00]} Bxa2 {[%emt 0:00:02]} 23. Qe2 {[%emt 0:00:01]} Bc4 {[%emt 0:00:02]} 24. Rxd2 {[%emt 0:00:00]} Bxe2 {[%emt 0:00:02]} 25. Rxd4 {[%emt 0:00:00]} Rxd4 {[%emt 0:00:01]} 26. f3 {[%emt 0:00:01]} Rd1+ {[%emt 0:00:01]} 27. Kf2 {[%emt 0:00:00]} Re6 {[%emt 0:00:01]} 28. f4 {[%emt 0:00:01]} Re4 {[%emt 0:00:02]} 29. Rh5 {[%emt 0:00:03]} Rf1+ {[%emt 0:00:01]} 30. Kg3 {[%emt 0:00:01]} Re3+ {[%emt 0:00:01]} 31. Kh4 {[%emt 0:00:01]} Rxf4+ {[%emt 0:00:01]} 32. g4 {[%emt 0:00:01]} Rxg4# {[%emt 0:00:02] (Lag: Av=0.53s, max=0.7s)} 0-1

[Event "Stay Safe Play From Home 293"]
[Site "Emanuel Lasker Arena"]
[Date "2020.07.10"]
[Round "4"]
[White "Edmatuag"]
[Black "Trotsky"]
[Result "1-0"]
[WhiteElo "1644"]
[BlackElo "1611"]
[Annotator "NA RC"]
[PlyCount "73"]
[EventDate "2020.07.10"]
[EventType "swiss (blitz)"]

1. d4 {[%emt 0:00:03]} d5 {[%emt 0:00:01]} 2. e3 {[%emt 0:00:00]} e6 {[%emt 0:00:01]} 3. Bd3 {[%emt 0:00:02]} c5 {[%emt 0:00:01]} 4. c3 {[%emt 0:00:01]} Nc6 {[%emt 0:00:01]} 5. Nf3 {[%emt 0:00:01]} c4 {[%emt 0:00:00]} 6. Bc2 {[%emt 0:00:01]} Bd6 {[%emt 0:00:01]} 7. Nbd2 {[%emt 0:00:01]} Qc7 {[%emt 0:00:00]} 8. e4 {[%emt 0:00:01]} Nf6 {[%emt 0:00:01]} 9. e5 {[%emt 0:00:02]} Nxe5 {[%emt 0:00:01]} 10. dxe5 {[%emt 0:00:01]} Bxe5 {[%emt 0:00:00]} 11. Nxe5 {[%emt 0:00:01]} Qxe5+ {[%emt 0:00:01]} 12. Qe2 {[%emt 0:00:00]} Qc7 {[%emt 0:00:02]} 13. Nf3 {[%emt 0:00:01]} Bd7 {[%emt 0:00:01]} 14. Bg5 {[%emt 0:00:01]} h6 {[%emt 0:00:02]} 15. Bxf6 {[%emt 0:00:01]} gxf6 {[%emt 0:00:01]} 16. O-O {[%emt 0:00:01]} O-O-O {[%emt 0:00:01]} 17. Nd4 {[%emt 0:00:01]} e5 {[%emt 0:00:01]} 18. Nf5 {[%emt 0:00:02]} Rdg8 {[%emt 0:00:04]} 19. g3 {[%emt 0:00:02]} Be6 {[%emt 0:00:02]} 20. b3 {[%emt 0:00:05]} h5 {[%emt 0:00:01]} 21. bxc4 {[%emt 0:00:02]} h4 {[%emt 0:00:01]} 22. cxd5 {[%emt 0:00:02]} Bxd5 {[%emt 0:00:02]} 23. Ne3 {[%emt 0:00:01]} Be6 {[%emt 0:00:02]} 24. Bf5 {[%emt 0:00:02]} Bxf5 {[%emt 0:00:03]} 25. Nxf5 {[%emt 0:00:02]} hxg3 {[%emt 0:00:01]} 26. fxg3 {[%emt 0:00:02]} Qd7 {[%emt 0:00:02]} 27. Qf2 {[%emt 0:00:01]} Rg5 {[%emt 0:00:01]} 28. Qc5+ {[%emt 0:00:01]} Kb8 {[%emt 0:00:02]} 29. Qd6+ {[%emt 0:00:01]} Qxd6 {[%emt 0:00:01]} 30. Nxd6 {[%emt 0:00:00]} Rhg8 {[%emt 0:00:01]} 31. Nxf7 {[%emt 0:00:01]} Rg4 {[%emt 0:00:01]} 32. Rxf6 {[%emt 0:00:02]} e4 {[%emt 0:00:02]} 33. Nd6 {[%emt 0:00:01]} e3 {[%emt 0:00:01]} 34. Re1 {[%emt 0:00:01]} Rxg3+ {[%emt 0:00:04]} 35. hxg3 {[%emt 0:00:01]} Rxg3+ {[%emt 0:00:01]} 36. Kh2 {[%emt 0:00:00]} Rg6 {[%emt 0:00:02] Trotsky Ñäàåòñÿ} 37. Rxg6 {[%emt 0:00:01] (Lag: Av=0.35s, max=0.4s)} 1-0

[Event "Stay Safe Play From Home 293"]
[Site "Emanuel Lasker Arena"]
[Date "2020.07.10"]
[Round "5"]
[White "Broken sword"]
[Black "AChessPlayer"]
[Result "0-1"]
[WhiteElo "2531"]
[BlackElo "2375"]
[Annotator "TA"]
[PlyCount "124"]
[EventDate "2020.07.10"]
[EventType "swiss (blitz)"]

{[%evp 10,123,30,22,31,16,13,-10,64,60,69,67,92,101,112,101,84,91,112,-7,-18,-92,22,-114,-8,-107,-106,-149,-148,-144,-100,-120,-136,-176,-187,-205,0,0,0,0,0,0,0,0,0,0,0,-225,0,0,0,-25,0,-80,0,-33,-37,-97,-100,-176,0,0,0,-2,0,0,0,0,0,0,0,0,0,0,177,0,100,0,0,-8,-8,-8,-8,-17,-14,-712,-711,-684,-676,-680,-662,-639,-641,-5327,-4998,-29980,-29981,-29999,-29982,-29993,-29994,-29999,-29998,-29998,-29996,-29999,-29998,-29998,-29996,-29996,-29997,-29997,-29998,-29998,-29999,-29999]} 1. e4 d6 2. d4 Nf6 3. Nc3 Nbd7 4. Be3 e5 5. Nge2 c6 6. f3 b5 {B07: Pirc Defence: Miscellaneous Systems.} 7. g4 b4 8. Na4 {[#]} Nb6 $146 (8... h6 $11) ({Predecessor:} 8... Bb7 9. b3 a6 10. g5 Nh5 11. Qd2 exd4 12. Nxd4 c5 13. Ne2 h6 14. gxh6 Qh4+ {½-½ (23) Kutuzovic,B (2425)-Krapivin,V (2385) Pardubice 1998}) 9. Nxb6 $14 Qxb6 10. Qd2 {aiming for dxe5.} Qa5 11. Ng3 g6 12. g5 Nd7 13. h4 Bg7 14. Bh3 (14. h5 $16) 14... O-O $11 15. b3 (15. Bxd7 $11 Bxd7 16. O-O) 15... Qb5 (15... exd4 $17 16. Bxd4 Ne5) 16. Qe2 (16. Rd1 $11) 16... Qxe2+ (16... exd4 $17 17. Qxb5 cxb5) 17. Kxe2 (17. Nxe2 $11 {was the only way to keep the balance.} exd4 18. Bxd4) 17... exd4 $17 18. Bd2 c5 19. Rad1 Ne5 20. Bxc8 Rfxc8 21. Kf2 a5 22. f4 Ng4+ $2 (22... Nd7 $1 $19 23. Rc1 c4) 23. Kf3 $11 h5 {Hoping for ...a4.} 24. gxh6 $1 Nxh6 25. h5 a4 26. hxg6 fxg6 27. f5 Nf7 $36 {[%mdl 2048] Black has some pressure.} 28. Bf4 $2 (28. fxg6 $11 {and White stays safe.} Ne5+ {[%mdl 64] Double Attack} 29. Ke2) 28... Ne5+ $2 ({Black should play} 28... g5 $19 29. Nh5 axb3 30. axb3 c4 31. Bxg5 cxb3 32. cxb3 Rc3+ 33. Kg4 Ne5+ 34. Kh4 Kf7) 29. Bxe5 $1 Bxe5 30. Ne2 gxf5 31. exf5 (31. Rdg1+ $1 $11 Kf8 32. exf5) 31... Ra7 (31... Kf7 $17 32. Nf4 axb3 33. axb3 Rh8) 32. Rdg1+ Rg7 33. Rxg7+ (33. Ke4 $15) 33... Kxg7 $15 {[%mdl 4096] Endgame KRB-KRN} 34. Ke4 (34. Nc1 $17) 34... c4 $2 ({Black should try} 34... a3 $19 {...Re8 is the strong threat.} 35. Rg1+ Kf7) 35. Nxd4 $11 cxb3 36. Ne6+ Kf7 37. cxb3 a3 38. Rh7+ Kf6 39. Rh6+ Ke7 40. Rh7+ Kf6 41. Rh6+ Kf7 $2 {[#]} (41... Ke7 $11 {and Black has nothing to worry.}) 42. Rh7+ $2 ({White has to play} 42. Ng5+ $1 $18 Ke7 43. Re6+ Kd7 44. f6 Bxf6 45. Rxf6) 42... Kg8 {[#]} (42... Kf6 $11 {keeps the balance.}) 43. Rb7 (43. Rc7 $1 $16 {[%cal Rc7c8]} Rb8 44. Ra7) 43... Rc2 44. Rxb4 Rxa2 {And now ...Rg2 would win.} 45. Rb8+ Kf7 {Threatens to win with ...Rf2.} 46. Rb7+ Kf6 47. Nc7 $2 {[%mdl 8192] Now White is beyond hope.} (47. Ra7 $11) 47... Re2+ $19 48. Kf3 Rb2 49. Nd5+ Kxf5 50. Ra7 a2 51. Ne7+ Ke6 52. Nc6 Rxb3+ {Black mates.} 53. Ke4 a1=Q {[%cal Ra1h1]} 54. Re7+ Kf6 {[%cal Ra1h1]} 55. Re8 Qe1+ 56. Kd5 Qd2+ 57. Kc4 Qc3+ 58. Kd5 Qd3+ 59. Nd4 Qxd4+ 60. Kc6 Qc5+ 61. Kd7 Rb7+ 62. Kd8 Qc7# {Accuracy: White = 52%, Black = 64%.} 0-1

[Event "Stay Safe Play From Home 293"]
[Site "Emanuel Lasker Arena"]
[Date "2020.07.10"]
[Round "5"]
[White "Lamborghini"]
[Black "SoulofWolf"]
[Result "0-1"]
[WhiteElo "2201"]
[BlackElo "2255"]
[Annotator "TA"]
[PlyCount "96"]
[EventDate "2020.07.10"]
[EventType "swiss (blitz)"]

{[%evp 9,95,14,41,27,106,59,155,139,143,82,82,85,91,25,31,35,47,22,0,0,76,-1,-4,4,20,-34,0,0,0,-24,58,35,71,20,75,88,118,93,85,49,240,243,372,171,403,161,631,23,22,21,55,44,302,0,0,-974,-246,-1089,64,-570,-554,-1087,-825,-881,-833,-2170,-2068,-29985,-29986,-29994,-29992,-29992,-29993,-29993,-29992,-29994,-29992,-29994,-29992,-29994,-29995,-29996,-29997,-29999,-29996,-29996,-29997,-29999]} 1. e4 e6 2. d4 c5 3. Nf3 a6 4. dxc5 Bxc5 5. Bd3 Ba7 (5... d6 {feels hotter.} 6. c4 Nc6 7. Nc3 Nge7 8. O-O Ng6) 6. O-O {[#] B40: Sicilian: 2...e6, Unusual lines.} b5 $146 (6... Nc6 $11) ({Predecessor:} 6... Nc6 7. c4 Nb4 8. Be2 d6 9. Nc3 h6 10. Bf4 e5 11. Bg3 Nf6 12. Qd2 O-O {0-1 (36) Schmid,J (2091)-Hasanov,M (1767) Liverpool 2011}) 7. c4 Bb7 (7... bxc4 $14 8. Bxc4 Ne7) 8. cxb5 $16 {White is clearly better.} axb5 9. Nbd2 (9. Na3 $142) 9... Ne7 10. Bxb5 O-O 11. Bd3 (11. b4 $16) 11... Nbc6 $11 12. a3 Rc8 13. Qe2 Ng6 {Strongly threatening ...Nf4.} 14. Nc4 Qc7 (14... d5 $11 15. exd5 exd5) 15. Bg5 (15. Be3 $16) 15... d5 16. exd5 exd5 17. Ncd2 (17. Ne3 $11) 17... Rfe8 (17... Rce8 $5 18. Qd1 $8 f6 $11) 18. Qd1 $1 h6 19. Bxg6 (19. Bh4 $5) 19... hxg5 (19... fxg6 $11 20. Be3 Bxe3 21. fxe3 Rxe3) 20. Bf5 $14 Rcd8 {[#]} 21. Nxg5 (21. Qa4 $1 $16) 21... g6 (21... Qf4 $11 {remains equal.} 22. Bh7+ Kf8) 22. Bd3 $16 Bb8 {[%csl Gb8][%cal Rc7h2]} 23. g3 Ne5 24. Ndf3 Ng4 $2 (24... d4 $14) 25. Rc1 $18 Qd6 {[#]} (25... Qe7 $142 26. Bb5 Rf8) 26. Qb3 (26. Nxf7 $142 $1 {[%mdl 512]} Kxf7 27. Ng5+ {[%mdl 64] Discovered Attack} Kg7 28. Qxg4) 26... Ba8 $2 (26... Bc6 27. Qb6 Bd7 28. Qxd6 Bxd6) 27. Rfe1 $2 (27. Qa4 Ne5 28. Nxe5 Rxe5 29. Nxf7 Kxf7 30. Qxa8) 27... Kg7 $2 (27... Rxe1+ 28. Rxe1 Ba7) 28. Rcd1 $2 (28. Rxe8 $18 Rxe8 29. Qa4 {[%mdl 64] Double Attack}) 28... Ba7 $1 $11 {[%cal Ra7f2]} 29. Rxe8 Rxe8 30. Rd2 {Hoping for Qa4.} Qf6 $2 {[%mdl 8192]} ({Better is} 30... Bxf2+ $14 31. Rxf2 Nxf2 32. Kxf2 Qc5+ 33. Kg2 Qe3) 31. Kg2 $2 (31. Qa4 $18 Bxf2+ 32. Rxf2 Nxf2 33. Qxe8 Nxd3 34. Qxa8 Qb6+ 35. Kh1) 31... d4 {And now ...Qxg5 would win.} 32. Be2 $2 {[%mdl 8192] White is now going downhill.} (32. h4 $11) 32... Re7 $2 (32... Qxg5 33. Kg1 Bxf3 34. Bxf3 Qxd2 35. Bxg4 d3 36. Qc3+ Qxc3 37. bxc3 Re1+ 38. Kg2 d2) 33. h3 $2 (33. h4 Nxf2 34. Kxf2 d3+ {[%mdl 64] Discovered Attack} 35. Kf1 Rxe2 36. Rxd3 Bxf3 37. Rxf3 Rf2+ 38. Ke1 Qe5+ 39. Kd1 Qe2+ 40. Kc1 Be3+ 41. Kb1 Rxf3 42. Nxf3 Qxf3 43. Qc3+ Kg8 44. Qc8+ Kg7 45. Qc3+ Kg8 46. Qc8+ Kh7 47. Qc4) 33... Nh6 $2 (33... Qxg5 $19 34. Rd3 Rxe2 35. hxg4 Qxg4) 34. Qd3 $2 {[%mdl 8192]} (34. Kf1 $14 {keeps the upper hand.}) 34... Qxg5 $1 $19 35. b4 Qf6 36. Kg1 Be4 37. Qc4 Bxf3 38. Bxf3 Qxf3 {Black mates.} 39. Re2 Qxe2 40. Qxe2 Rxe2 41. Kg2 {[#]} Ra2 $1 42. h4 Rxa3 43. Kh3 Nf5 44. f4 d3 45. Kg4 d2 {[%csl Gf5][%cal Ra3g3]} 46. h5 Ne3+ 47. Kg5 d1=Q {[%csl Gg6][%cal Rd1h5]} 48. Kh4 Qg4# {Accuracy: White = 26%, Black = 36%.} 0-1